000 00680 a2200181 4500
005 20131227112408.0
008 131226b xxu||||| |||| 00| 0 eng d
020 _a9783540883517
080 _a628.39:004
_bATH
100 _aAthanasiadis, Ioannis N ... [et.al], ed.
_eed. by.
245 _aInformation technologies in environmental engineering
_ced. by. Ioannis N.A...[et.al]
260 _bSpringer-Verlag
_c2009
_aHeidelberg
300 _axiii, 597p.
500 _aPapers presented at the 4th international symposium on Environmental Engineering, Greece, 2009.
653 _aEnvironmental management - Information systems
653 _aEnvironmental monitoring
942 _cBK
999 _c77207
_d77206